<?xml version="1.0" encoding="UTF-8"?>
<record
    xmlns:xsi="http://www.w3.org/2001/XMLSchema-instance"
    xsi:schemaLocation="http://www.loc.gov/MARC21/slim http://www.loc.gov/standards/marcxml/schema/MARC21slim.xsd"
    xmlns="http://www.loc.gov/MARC21/slim">

  <leader>01833nam a2200133Ia 4500</leader>
  <controlfield tag="008">220216s9999    xx            000 0 und d</controlfield>
  <datafield tag="100" ind1=" " ind2=" ">
    <subfield code="a">Nethsinghe L P</subfield>
  </datafield>
  <datafield tag="245" ind1=" " ind2="0">
    <subfield code="a">Needs of the latex dipping industry bridging the gap-Research centres/academia and industry</subfield>
  </datafield>
  <datafield tag="260" ind1=" " ind2=" ">
    <subfield code="b">Proceedings of the First Symposium on Plantation Crop Research : Current Trends and Future Challenges,8-9 July, 2004, Sri Lanka, pp.165-171.</subfield>
  </datafield>
  <datafield tag="520" ind1=" " ind2=" ">
    <subfield code="a">Although the annual production of raw natural rubber in Sri Lanka has been dwindling during the last couple of years, the consumption of rubber in dry form as well as in latex form has increased. Out of the total global annual consumption of over 7 million tonnes of NR, almost 1 million tonne of NR is in the form of latex. The challenge in the industry today is to maintain the consistency in quality of the latex products. The problem becomes more acute due to variations of the quality of raw latex. To solve the complications arising out of quality variations, the rubber technologists and the chemists should have a sound understanding of the technological behaviour of raw latex and of latex compounds. They also should have innovative ideas to develop new products and to fine tune the formulations in order to meet the customer requirements in the global competitive market. In this context, the research and academic centres have a big role to play by better interaction with the industry. The research centers can do this by short and long term product and process development, by providing consultancy and by testing of products. The academic centers can do this by producing graduates of high calibre in order to innovate new products to meet the customer needs in the ever increasing competition in the global market.</subfield>
  </datafield>
  <datafield tag="650" ind1=" " ind2=" ">
    <subfield code="a">Latex products</subfield>
  </datafield>
  <datafield tag="650" ind1=" " ind2=" ">
    <subfield code="a">Natural rubber</subfield>
  </datafield>
  <datafield tag="942" ind1=" " ind2=" ">
    <subfield code="c">JS</subfield>
  </datafield>
  <datafield tag="999" ind1=" " ind2=" ">
    <subfield code="c">63721</subfield>
    <subfield code="d">63721</subfield>
  </datafield>
  <datafield tag="952" ind1=" " ind2=" ">
    <subfield code="0">0</subfield>
    <subfield code="1">0</subfield>
    <subfield code="4">0</subfield>
    <subfield code="7">8</subfield>
    <subfield code="a">MAIN</subfield>
    <subfield code="b">MAIN</subfield>
    <subfield code="c">2</subfield>
    <subfield code="d">2021-12-17</subfield>
    <subfield code="l">0</subfield>
    <subfield code="r">2021-12-17 00:00:00</subfield>
    <subfield code="w">2022-02-16</subfield>
    <subfield code="y">JS</subfield>
  </datafield>
</record>
